Pomohli kluby chudnutia

Herbalife - jedna z multilevel marketingových firiem z USA, ktoré vstúpili do postkomunistických krajín. Sieťový marketing. Predaj doplnkov výživy. Osobný predaj verzus internet. Provízia z predaja.

Na minha lista:
Detalhes bibliográficos
Autor principal: Orfánus, Dominik
Formato: Capítulo de Livro
Idioma:eslovaco
Assuntos:
Tags: Adicionar Tag
Sem tags, seja o primeiro a adicionar uma tag!

MARC

LEADER 00000naa a2200000 4500
001 0197802
005 20231113102643.4
041 0 |a slo 
044 |a SK 
245 1 0 |a Pomohli kluby chudnutia  |c Dominik Orfánus 
520 |a Herbalife - jedna z multilevel marketingových firiem z USA, ktoré vstúpili do postkomunistických krajín. Sieťový marketing. Predaj doplnkov výživy. Osobný predaj verzus internet. Provízia z predaja. 
610 2 0 |a podnikanie 
610 2 0 |a podnik 
610 2 0 |a marketing sieťový 
610 2 0 |a predaj priamy 
610 2 0 |a predaj podomový 
610 2 0 |a distribúcia 
610 2 0 |a výživa 
100 1 |a Orfánus, Dominik